|
|
|
|
| LEADER |
00000nab a2200000 ar4500 |
| 001 |
vtls009937517 |
| 003 |
SK-MaSNL |
| 005 |
20260319074237.0 |
| 008 |
090807c20090620xo |||||||| 000 b|hun |
| 015 |
|
|
|a SNBRB2009/06
|2 snkbucl
|
| 038 |
|
|
|a SNKBUCL
|
| 040 |
|
|
|a DSZK
|b slo
|c DSZK
|e AACR2
|
| 041 |
0 |
|
|a hun
|
| 044 |
|
|
|a xo
|c SK
|
| 080 |
|
|
|a 82:06.068
|x (=511.141)
|x (437.6)
|2 1997
|
| 080 |
|
|
|a 82:929:821.511.141 (437.6):06.068
|2 1997
|
| 080 |
|
|
|a 821.511.141 (437.6):929:06.068
|2 1997
|
| 080 |
|
|
|a 82:061.7
|x (=511.141)
|x (437.6)
|2 1997
|
| 080 |
|
|
|a 821.511.141 (437.6):061.7
|2 1997
|
| 100 |
1 |
|
|a Németh, Zoltán,
|d 1970-
|4 aut
|9 102330
|
| 245 |
1 |
0 |
|a Hárman az irodalom szalonjában
|b egy regény, egy verseskönyv és egy irodalomtörténeti monográfia szemléletes bemutatója ...
|c Németh Zoltán
|
| 300 |
|
|
|b Fotogr.
|
| 600 |
1 |
7 |
|a Hunčík, Péter,
|d 1951-
|t Határeset
|2 snkbucl
|9 1035028
|
| 600 |
1 |
7 |
|a Mizser, Attila,
|d 1975-
|t Köz
|2 snkbucl
|9 1035029
|
| 600 |
1 |
7 |
|a Ardamica, Zorán,
|d 1970-
|t Perspektívaváltás a szlovákiai magyar irodalomban
|2 snkbucl
|9 1035030
|
| 611 |
2 |
7 |
|a Literárna a Umelecká cena Posonium
|n (9. :
|d 2009 :
|c Bratislava, Slovensko)
|2 snkbucl
|9 1035031
|
| 648 |
|
7 |
|a 2009
|2 snkbucl
|9 320114
|
| 650 |
0 |
7 |
|a Literárna cena Posonium
|y 2009
|2 snkbucl
|9 1035032
|
| 650 |
0 |
7 |
|a literárne ceny
|y 2009
|2 snkbucl
|9 410351
|
| 655 |
|
7 |
|a laudáciá
|2 snkbucl
|9 730899
|
| 773 |
0 |
|
|t Új szó
|g Évf. 62, sz. 141 (20.6.2009), o. 13
|x 1335-7050
|
| 773 |
0 |
8 |
|i Mell.:
|t Szalon
|g Évf. 3, sz. 25 (2009)
|
| 852 |
|
|
|a SNK
|b KIS3GCP
|
| 852 |
|
|
|a DSZK
|b KIS3GCP
|
| 958 |
|
|
|a HU
|
| 958 |
|
|
|a SK
|
| 958 |
|
|
|a LX
|
| 999 |
|
|
|c 1702328
|d 1704258
|